000 00675nam a22002417a 4500
003 UA-OsUOA
001 65956
007 ta
008 20091214b un ||||| |||| 00| 0 ukr d
100 _aІвашків Г.
090 _a738(477)
_bІ-24
942 _cBK
040 _aUA-OsUOA
_bukr
_cUA-OsUOA
_dUA-OsUOA
245 _aДекор української народної кераміки 16 - першої пол. 20 ст.
300 _a544 с.
955 _a2
041 _aukr
080 _a738(477)
020 _a978-966-02-4575-4
260 _aЛьвів
_c2007
650 7 _a738 Художня кераміка. Гончарство
_2UDC
999 _c351633
_d351633